00813nam a2200241Ia 450000100060000000300090000600800410001504000130005604000130006904100130008210000260009510000290012124500940015024500280024425000110027226000090028326000120029226000490030430000580035350000990041165000300051065000310054022577IT-RoPAU130308s9999 xx 000 0 und d aIT-RoPAU cIT-RoPAU aITALIANO aCallari Galli Matilde gCodice Aut. SPICS: 8595 aGioco e il giocattolo in alcune istituzioni pre-scolastiche della città di Bologna (Il) bComunicare senza Parole a1a ed. aROMA bBulzoni c1983 [1° Ed.:1983 - Ed.Ling.Originale:1983] a"16 p. (prefazione: no ; testo: 16 [pagine: 99-114])" aClassificazione dei Giocattoli relazione con Lo Spazio e con L'Oggetto relazione con gli Altri aCOMUNICAZIONE NON VERBALE eCodice materia Spics: 8100